[Event "31st open TETEVEN"]
[Site "Teteven"]
[Date "2016.08.17"]
[Round "5.7"]
[White "Yordanova, Svetla"]
[Black "Savov, Ilko"]
[Result "1-0"]
[WhiteElo "2158"]
[BlackElo "1950"]
[PlyCount "77"]
[EventDate "2016.08.13"]
[EventType "swiss"]
[EventRounds "9"]
[EventCountry "BUL"]

1. Nf3 c5 2. c4 Nc6 3. b3 Nf6 4. Bb2 d5 5. cxd5 Nxd5 6. g3 Bg4 ({RR} 6... f6 7.
Bg2 e5 8. O-O Be7 9. Nc3 Be6 10. Nh4 O-O 11. Nf5 ({RR} 11. f4 exf4 12. gxf4 f5
13. Nxd5 Bxd5 14. Nxf5 Bxg2 15. Nxe7+ Qxe7 16. Kxg2 Qe4+ 17. Rf3 Rxf4 18. d3
Qd5 19. e3 Rxf3 20. Qxf3 Qxd3 21. Rf1 Qd7 22. Kh1 Qe6 23. Qg2 g6 24. Rf6 Qd7
25. Qc2 Rd8 {
Spoelman,W (2583)-Reinderman,D (2584)/Amsterdam 2015/CBM 166 Extra/1/2}) 11...
Nxc3 12. Nxe7+ Qxe7 13. dxc3 Rfd8 14. Qc2 Bd5 15. Bxd5+ Rxd5 16. Rad1 Rad8 17.
Rxd5 {1/2 Chernin,A (2640)-Almasi,Z (2615)/Budapest 1997/CBM 062}) 7. Bg2 Qd7
8. h3 Bxf3 $146 ({RR} 8... Bh5 9. d3 e6 10. O-O Be7 11. Nbd2 O-O 12. Ne4 b6 13.
a3 f6 14. Rc1 Rac8 15. Nc3 Nxc3 16. Rxc3 Nd4 17. Nxd4 cxd4 18. Rc4 e5 19. b4
Rxc4 20. dxc4 Bf7 21. Qd3 Rc8 22. Rc1 Qe6 23. Bd5 {
Vaisman,V-Adam,V/Bucharest 1971/EXT 2006/1/2 (59)}) 9. Bxf3 O-O-O 10. d3 h5 11.
h4 f5 12. Qc1 f4 13. gxf4 Qd6 14. Nc3 e6 15. Ne4 Qc7 16. Kf1 b6 17. Ng5 Nxf4
18. Qc4 Re8 19. Qa4 Nd5 20. Nxe6 Ne3+ 21. fxe3 Rxe6 22. Qf4 Bd6 23. Qf5 Nd8 24.
Ke1 Rf8 25. Qh3 Kb8 26. Kd2 Be5 27. Bxe5 Rxe5 28. Rac1 Rfe8 29. e4 Nc6 30. Rhg1
b5 31. Kd1 Kb7 32. Rg5 Rxg5 33. hxg5 g6 34. Rxc5 Re5 35. Rd5 Kb6 36. Qh2 Qe7
37. Qf4 Re6 38. Bg2 Nb4 39. Qb8+ 1-0

[Event "31st open TETEVEN"]
[Site "Teteven"]
[Date "2016.08.17"]
[Round "5.8"]
[White "Bochev, Krasimir"]
[Black "Todorov, Tsetsko"]
[Result "1/2-1/2"]
[WhiteElo "2126"]
[BlackElo "1949"]
[PlyCount "54"]
[EventDate "2016.08.13"]
[EventType "swiss"]
[EventRounds "9"]
[EventCountry "BUL"]

1. Nf3 Nf6 2. c4 c5 3. g3 g6 4. Bg2 Nc6 5. d4 cxd4 6. Nxd4 Nxd4 7. Qxd4 Bg7 8.
Nc3 O-O 9. O-O d6 10. Qd3 Rb8 11. Be3 b6 12. Rac1 Bf5 ({RR} 12... Ng4 13. Bd4
Bh6 14. f4 e5 15. Be3 Nxe3 16. Qxe3 Re8 17. Qd2 exf4 18. gxf4 Qh4 19. e3 Bh3
20. Bxh3 Qxh3 21. Nd5 Bg7 22. b3 Qd7 23. Qd3 f5 24. Rc2 Re4 25. a4 Rbe8 26. Rf3
h6 27. Rg2 {Hausner,I (2392)-Michalik,P (2405)/Slovakia 2009/EXT 2010/1/2 (68)}
) ({RR} 12... Bb7 13. b3 Qd7 14. Rfd1 h5 15. Bd4 Bxg2 16. Kxg2 Nh7 17. Bxg7
Kxg7 18. Nd5 Rbd8 19. f4 e5 20. f5 Qxf5 21. Qxf5 gxf5 22. Rf1 f4 23. gxf4 f5
24. Rc3 Nf6 25. Nc7 Kh6 26. fxe5 Ne4 27. Rd3 {
Adamski,J (2293)-Polok,K (2213)/Warsaw 2015/CBM 167 Extra/1/2 (46)}) 13. Qd2
Qd7 14. Rfd1 Rbc8 $146 ({RR} 14... Bh3 15. b3 Bxg2 16. Kxg2 h5 17. f3 Qb7 18.
Bg5 Kh7 19. e4 Rfe8 20. a4 Rbc8 21. Bxf6 Bxf6 22. Qd5 Qxd5 23. Nxd5 Bg7 24. b4
e6 25. Ne3 Bf8 26. b5 Rc5 27. a5 Rec8 28. axb6 axb6 29. Ra1 {
Dobai,S (2178)-Bartha,L (2045)/Hungary 2013/EXT 2014/1-0 (35)}) 15. b3 Rfd8 16.
Bg5 Bh3 17. Bxf6 Bxf6 18. Nd5 Bxg2 19. Nxf6+ exf6 20. Kxg2 Qb7+ 21. Qd5 Qe7 22.
Rd2 Rc5 23. Qf3 b5 24. Qf4 d5 25. Rxd5 Rdxd5 26. cxd5 Rxc1 27. Qxc1 Qe4+
1/2-1/2

[Event "31st open TETEVEN"]
[Site "Teteven"]
[Date "2016.08.17"]
[Round "5.9"]
[White "Slijper, Thomas"]
[Black "Stojanov, Alexandar"]
[Result "0-1"]
[WhiteElo "1932"]
[BlackElo "2121"]
[PlyCount "48"]
[EventDate "2016.08.13"]
[EventType "swiss"]
[EventRounds "9"]
[EventCountry "BUL"]

1. c4 b6 2. Nc3 c5 3. e4 Bb7 4. g3 Nf6 5. Bg2 d6 6. Nge2 e6 7. O-O a6 8. d3 ({
RR} 8. b3 Be7 9. d4 cxd4 10. Qxd4 O-O 11. Rd1 Nbd7 12. Qd2 Qc7 13. Ba3 Nc5 14.
Qc2 Rfd8 15. Rac1 Rac8 16. Bb2 Ncd7 17. Nd4 Bf8 18. Qe2 g6 19. Re1 Qb8 20. Rcd1
Qa8 21. f4 Bg7 22. Ba1 Nc5 {
Storchak,V (2092)-Chistyakov,N (1998)/Novokuznetsk 2014/EXT 2016/1/2 (84)})
8... Qc7 9. f4 Nc6 $146 ({RR} 9... Be7 10. h3 O-O 11. g4 Nc6 12. g5 Nd7 13. Be3
Rfe8 14. Qd2 Rab8 15. Rad1 Ba8 16. Qe1 b5 17. b3 Nb4 18. Qf2 d5 19. cxd5 exd5
20. Nxd5 Nxd5 21. exd5 Nb6 22. Nc3 b4 23. d6 Bxd6 24. Ne4 {Lobos Barrenechea,M
(2250)-Lopez Silva,H (2213)/Guaymallen 2001/EXT 2002/1-0 (48)}) 10. h3 Be7 11.
Be3 Nd7 12. f5 Bf6 13. fxe6 fxe6 14. Nf4 Nd4 15. Qh5+ Ke7 16. Bxd4 cxd4 17. Qg4
dxc3 18. Nxe6 Ne5 19. Nxc7 Nxg4 20. Nxa8 Bd4+ 21. Kh1 cxb2 22. Rab1 Ne3 23.
Nxb6 Nxf1 24. Bxf1 Rf8 0-1

[Event "31st open TETEVEN"]
[Site "Teteven"]
[Date "2016.08.17"]
[Round "5.10"]
[White "Bakker, Martijn"]
[Black "Burdarev, Evgeni"]
[Result "1-0"]
[WhiteElo "2099"]
[BlackElo "1944"]
[PlyCount "107"]
[EventDate "2016.08.13"]
[EventType "swiss"]
[EventRounds "9"]
[EventCountry "BUL"]

1. f4 d5 2. Nf3 c5 3. e3 Nc6 4. Be2 Nf6 5. d3 ({RR} 5. d4 Bg4 6. c3 Rc8 7. O-O
e6 8. b3 Ne4 9. Bb2 Be7 10. Nbd2 Nxd2 11. Qxd2 O-O 12. Rac1 Qa5 13. dxc5 Qxc5
14. c4 Rfd8 15. Nd4 Bxe2 16. Qxe2 Bf6 17. Nxc6 Bxb2 18. Nxd8 Bxc1 19. Rxc1 Rxd8
{Gavritenkov,S (2350)-Kholmov,R (2489)/Moscow 2000/EXT 2001/1/2 (32)}) 5... e6
6. O-O b5 ({RR} 6... Bd6 7. Qe1 e5 8. fxe5 Nxe5 9. Nxe5 Bxe5 10. Qh4 Qb6 11. c3
d4 12. cxd4 cxd4 13. e4 O-O 14. Nd2 Be6 15. Nf3 Nd7 16. Ng5 h6 17. Nxe6 Qxe6
18. Rf5 Bf6 19. Qg3 Be5 20. Bf4 Bxf4 21. Qxf4 {Walter Travella,G (1876)
-Adillon Bosch,J/Llinars del Valles 2015/EXT 2016/1-0 (44)}) 7. Ne5 $146 ({RR} 
7. c4 a6 8. b3 Bb7 9. Bb2 Ng4 10. Qd2 dxc4 11. Ng5 Nf6 12. dxc4 b4 13. Bf3 Be7
14. Qc2 h6 15. Rd1 Qc7 16. Ne4 Nxe4 17. Bxe4 f5 18. Bf3 O-O 19. Nd2 Bf6 20.
Bxf6 Rxf6 21. Nf1 g5 {
Hemmers,D (1651)-Kammann,T (1252)/Goch 2008/EXT 2011/1-0 (37)}) 7... Bb7 8. Nd2
Bd6 9. Ndf3 Qc7 10. d4 c4 11. Ng5 Nd8 $2 (11... O-O $142) 12. Qe1 Bxe5 $4 (
12... O-O $142 $15) 13. fxe5 Ne4 14. Nxe4 dxe4 15. a4 a6 16. axb5 axb5 17. Rxa8
Bxa8 18. Qb4 Bc6 19. b3 cxb3 20. cxb3 Qe7 21. Qa5 Qg5 22. Bxb5 O-O 23. Bc4 h5
24. Qc5 h4 25. Bxe6 Nxe6 26. Qxc6 Qg4 27. h3 Qg3 28. Qxe4 Rc8 29. Bd2 Ng5 30.
Qg4 Rc2 31. Qxg3 hxg3 32. Ba5 Rb2 33. b4 Kf8 (33... Ne4 34. Ra1 Nc3 35. Bd8 $16
) 34. Bb6 Ke8 35. Bc5 Ne4 36. d5 Nc3 37. d6 Ne2+ 38. Kh1 Rb3 39. Re1 Nc3 40. e4
Kd7 41. Bd4 Nb5 42. Bc5 Nc3 43. Bd4 Nb5 44. Bc5 Nc3 45. Kg1 Rb2 46. Kf1 Rc2 47.
Ra1 Ke6 48. Be3 Nxe4 49. Ra7 Nd2+ 50. Bxd2 Rxd2 51. Re7+ Kd5 52. d7 Ke4 53.
Rxf7 Kxe5 54. Rxg7 1-0

[Event "31st open TETEVEN"]
[Site "Teteven"]
[Date "2016.08.17"]
[Round "5.11"]
[White "Andreev, Dobrotich"]
[Black "Janakiev, Ivan"]
[Result "0-1"]
[WhiteElo "1914"]
[BlackElo "2077"]
[PlyCount "118"]
[EventDate "2016.08.13"]
[EventType "swiss"]
[EventRounds "9"]
[EventCountry "BUL"]

1. e4 c5 2. Nf3 Nc6 3. d4 cxd4 4. Nxd4 Nf6 5. Nc3 g6 6. Be3 Bg7 7. f3 O-O 8.
Qd2 d5 9. exd5 Nxd5 10. Nxc6 bxc6 11. Bd4 Bxd4 12. Qxd4 Qa5 13. Bc4 ({RR} 13.
Qa4 Qb6 14. Nxd5 cxd5 15. O-O-O Rb8 16. Qd4 Qc7 17. a3 Bf5 18. Qf2 Qf4+ 19. Qd2
Rfc8 20. c4 Rxc4+ 21. Bxc4 Qxc4+ 22. Qc3 Qf4+ 23. Rd2 Rc8 {
0-1 Muratov,L (2329)-Talyzin,D (2468)/Moscow  2006/EXT 2008}) 13... e5 ({RR} 
13... Nxc3 14. Qxc3 Qxc3+ 15. bxc3 Rd8 16. Ke2 Bf5 17. Bd3 Be6 18. a3 Rab8 19.
Rab1 c5 20. c4 Bd7 21. Ke3 Bc6 22. Rhd1 Kg7 23. h3 Kf6 24. h4 e5 25. Re1 h6 26.
g3 Ke6 27. f4 Rxb1 28. Rxb1 {
Prazeres,J (1590)-Leao,T (1969)/Oeiras 2015/EXT 2016/1/2 (55)}) 14. Qd2 Nxc3
$146 ({RR} 14... Be6 15. Ne4 Qxd2+ 16. Kxd2 Rfd8 17. Bxd5 Rxd5+ 18. Ke3 Kg7 19.
Rhd1 Rad8 20. Rxd5 cxd5 21. Nc5 d4+ 22. Kd2 Bd5 23. b4 Kf8 24. a4 Ke7 25. Kd3
Rb8 26. c4 dxc3 27. Kxc3 f5 28. a5 Rc8 29. Rd1 {Zsiltzova Lisenko,L (2235)
-Enjuto Velasco,R (2080)/Laguna 1996/EXT 2010/1/2 (43)}) 15. Qxc3 Qxc3+ 16.
bxc3 Rb8 17. Ke2 Rb6 18. h4 Ba6 19. Bxa6 Rxa6 20. Rhb1 Rd8 21. Rb4 c5 22. Rb5
Rad6 23. Rxc5 Rd2+ 24. Kf1 Rxc2 25. Rxe5 Rdd2 26. Rg5 Rxc3 27. a4 Rcc2 28. h5
Kg7 29. hxg6 hxg6 30. Kg1 Kh6 31. f4 f6 32. Rg4 Kh5 33. Rg3 Rd4 34. Rb1 Rxf4
35. Rb7 Rc1+ 36. Kh2 Rh4+ 37. Rh3 Rxh3+ 38. Kxh3 Rc3+ 39. Kh2 Ra3 40. Rxa7 f5
41. a5 g5 42. a6 Kg4 43. Ra8 f4 44. a7 Ra1 45. Rb8 Rxa7 46. Rb3 Ra1 47. Rc3 Re1
48. Rb3 Re3 49. Rb5 Re2 50. Rb3 Kf5 51. Rb5+ Re5 52. Rb8 g4 53. Rb1 Kg5 54. Ra1
Kh4 55. Rb1 $4 (55. g3+ $142 $1 $11) 55... Re2 56. Kh1 Kg3 57. Ra1 Kf2 58. Rb1
Re1+ 59. Rxe1 Kxe1 0-1

[Event "31st open TETEVEN"]
[Site "Teteven"]
[Date "2016.08.17"]
[Round "5.12"]
[White "Dochev, Marian"]
[Black "Nikolaev, Georgi"]
[Result "0-1"]
[WhiteElo "2041"]
[BlackElo "1903"]
[PlyCount "74"]
[EventDate "2016.08.13"]
[EventType "swiss"]
[EventRounds "9"]
[EventCountry "BUL"]

1. e4 e5 2. Nf3 Nc6 3. Bc4 Nf6 4. d4 exd4 5. e5 d5 6. exf6 dxc4 7. Qe2+ Be6 8.
O-O ({RR} 8. Na3 Bxa3 9. bxa3 Qxf6 10. Rb1 O-O 11. Bg5 Qf5 12. O-O Bd5 13. Rxb7
Rfe8 14. Qd2 Bxf3 15. gxf3 Ne5 16. Qf4 Qxg5+ {
0-1 Cherniavsky,A (2140)-Boudre,J (2370)/Bad Zwesten 2004/CBM 098 Extra}) ({RR
} 8. Bg5 gxf6 9. Bh4 Be7 10. O-O Qd5 11. Rd1 O-O-O 12. Nc3 Qf5 13. Ne4 Bd5 14.
Ng3 Bxf3 15. Qxf3 Qxf3 16. gxf3 f5 17. Nxf5 Bxh4 18. Nxh4 Rhe8 19. Re1 Nb4 20.
Rxe8 Rxe8 21. c3 dxc3 22. bxc3 Nd3 {
Mena,Y (1964)-Forero,E (1780)/Tercer Piso 2015/CBM 165 Extra/0-1 (43)}) 8...
Qxf6 $146 ({RR} 8... gxf6 9. Rd1 ({RR} 9. Re1 Qd7 10. Qxc4 O-O-O 11. Qe2 Rg8
12. a3 Bh3 13. g3 Bg4 14. Qd3 Bd6 15. Nbd2 h5 16. h4 Ne5 17. Nxe5 Bxe5 18. Ne4
Qd5 19. c4 dxc3 20. Qxd5 Rxd5 21. Nxc3 Bxc3 22. bxc3 Re5 23. Bf4 Rxe1+ {
Nalichowski,B (1626)-Ruigrok,J (1760)/Guernsey 2011/EXT 2015/0-1 (55)}) 9...
Bd6 ({RR} 9... Bc5 10. Nc3 Qe7 11. Nb5 O-O-O 12. Bf4 Rhg8 13. Kh1 Rxg2 14. Bxc7
Rdg8 15. Bg3 R2xg3 16. hxg3 Bd5 17. Qxe7 Nxe7 18. Kg2 Nf5 19. Rh1 a6 20. Na3 c3
21. Rad1 cxb2 22. Nb1 Rg4 23. Rh5 Be4 24. Rd2 {
Kuhlenbaeumer,A (1793)-Van Almsick,G (1872)/Germany 2014/EXT 2015/1/2 (54)})
10. Na3 Qd7 11. Nxc4 O-O-O 12. Nxd6+ Qxd6 13. g3 Rhg8 14. a3 Bg4 15. Rd3 Ne5
16. Bf4 Bxf3 17. Rxf3 Nxf3+ 18. Qxf3 Qd5 19. Qd3 f5 20. Rd1 c6 21. f3 f6 22. b4
Rge8 23. a4 {Schneider,L-Weise,W (2200)/Dresden 2001/CBM 084 Extra/0-1 (39)})
9. Bg5 Qf5 10. Na3 h6 11. Bh4 Bxa3 12. bxa3 g5 13. Bg3 O-O-O 14. Rab1 h5 15. h4
gxh4 16. Nxh4 Qg4 17. Qd2 f5 18. Rfe1 c3 19. Qd3 f4 20. Re4 Rhf8 21. f3 Qxg3
22. Rxe6 Qxh4 23. Qb5 Ne7 24. Qxb7+ Kd7 25. Rbe1 Rf7 26. Qb5+ c6 27. Qb7+ Ke8
28. Qxc6+ Kf8 29. Qc7 Nf5 30. Qc5+ Kg7 31. Qe5+ Kh7 32. Qe4 Rg8 33. Re2 Rg6 34.
Re8 Ng3 35. Rh8+ Kxh8 36. Qxg6 Qh1+ 37. Kf2 Qf1# 0-1

[Event "31st open TETEVEN"]
[Site "Teteven"]
[Date "2016.08.17"]
[Round "5.13"]
[White "Dereshki, Dario"]
[Black "Galunov, Georgi"]
[Result "1-0"]
[WhiteElo "2004"]
[BlackElo "1846"]
[PlyCount "55"]
[EventDate "2016.08.13"]
[EventType "swiss"]
[EventRounds "9"]
[EventCountry "BUL"]

1. c4 c6 2. e4 d5 3. exd5 cxd5 4. cxd5 Qxd5 5. Nc3 Qa5 6. d4 e6 7. Bc4 Nf6 8.
Nf3 Ne4 ({RR} 8... Bb4 9. O-O O-O 10. Qe2 Bxc3 11. bxc3 b6 12. Bg5 Nbd7 13. Bd2
Bb7 14. Bd3 Qh5 15. Rfe1 Rfd8 16. Ne5 Qxe2 17. Rxe2 Nxe5 18. Rxe5 Rac8 19. Rc1
Rd7 20. f3 Bd5 21. Ba6 Bb7 22. Bd3 Bd5 23. Ba6 {
Milanovic,D (2515)-Hansen,K (2205)/Oberwart 2011/CBM 143 Extra/1/2}) 9. O-O
Nxc3 10. bxc3 Bd6 $146 ({RR} 10... Nd7 11. Qe2 Nb6 12. Bb3 Be7 13. c4 O-O 14.
Ne5 Nd7 15. f4 Qc7 16. Bb2 b6 17. d5 Nc5 18. Bc2 exd5 19. cxd5 Ba6 20. Qh5 g6
21. Ng4 f6 22. Bxg6 Bd8 23. Nh6+ Kh8 24. Nf5 Bxf1 25. d6 {
Grooten,H (2305)-Voormans,J/Eindhoven 1982/EXT 2002/1-0}) ({RR} 10... Qxc3 11.
Bd2 Qa3 ({RR} 11... Qxc4 12. Rc1 Qb5 13. Rxc8+ Kd7 14. Qc2 {
1-0 Tsuboi,E (2423)-Polachini,D (2031)/Americana 2009/CBM 132 Extra}) 12. d5
exd5 13. Re1+ Be7 14. Bxd5 O-O 15. Rb1 Nc6 16. Qe2 Bf6 17. Bxc6 bxc6 18. Bb4
Ba6 19. Bxa3 Bxe2 20. Rxe2 {
1-0 Teixeira,R (2220)-Oliveira,I (1740)/Rio de Janeiro 2015/CBM 167 Extra}) 11.
Bd3 (11. Qd3 $142 $16) 11... Qxc3 12. Be3 O-O 13. Rc1 $6 (13. Ng5 $142 h6 14.
Rc1 $16) 13... Qa5 14. Ng5 h6 $2 (14... g6 $142 $1 $14) 15. Qh5 $1 Qd8 16. Nh7
(16. Bh7+ $142 Kh8 17. Bb1 $18) 16... f5 17. Nxf8 Qxf8 18. g4 Nc6 19. gxf5 exf5
20. Qg6 f4 21. Qh7+ Kf7 22. Rce1 Bh3 23. Bd2 f3 24. Re3 Bg2 25. Bc4+ Kf6 26.
Re6+ Kf7 27. Re5+ Kf6 28. Qf5# 1-0

[Event "31st open TETEVEN"]
[Site "Teteven"]
[Date "2016.08.17"]
[Round "5.14"]
[White "Cholakov, Nikolay"]
[Black "Todorov, Momchil"]
[Result "1/2-1/2"]
[WhiteElo "1778"]
[BlackElo "2304"]
[PlyCount "104"]
[EventDate "2016.08.13"]
[EventType "swiss"]
[EventRounds "9"]
[EventCountry "BUL"]

1. Nf3 Nf6 2. d4 g6 3. Bf4 Bg7 4. c3 d6 5. h3 O-O 6. e3 c5 7. Bc4 Nc6 8. O-O
Qb6 9. Qb3 Na5 10. Qxb6 axb6 11. Nbd2 Nxc4 12. Nxc4 Be6 13. Na3 b5 $146 ({RR} 
13... Ra5 14. Ng5 Bd5 15. e4 Nxe4 16. Nxe4 Bxe4 17. Rfe1 Bd5 18. dxc5 e5 19.
Bd2 bxc5 20. c4 Rxa3 21. bxa3 Bxc4 22. Bc3 f6 23. a4 d5 24. Bd2 Ra8 25. a5 Bf8
26. Rab1 Ba6 27. Rb6 Kf7 28. Reb1 {
Sarkozi,F (2170)-Hoffmann,K/Gyongyos 1995/EXT 1999/0-1 (55)}) 14. Rfc1 b4 15.
cxb4 cxb4 16. Nb5 Rxa2 17. Rxa2 Bxa2 18. Rc7 Nd5 19. Rxb7 Nxf4 20. exf4 Bf6 21.
Nc7 Rc8 22. Ra7 Bc4 23. g4 e6 24. g5 Bd8 25. Ne8 Bd5 26. Nxd6 Rc7 27. Rxc7 Bxc7
28. Ne8 Bxf4 29. Nf6+ Kf8 30. Nxd5 exd5 31. b3 Ke7 32. h4 Ke6 33. Ne1 Kf5 34.
Nc2 Bd2 35. f3 f6 36. gxf6 Kxf6 37. Kf2 Kf5 38. Ke2 Bc3 39. Ne3+ Ke6 40. Nc2 h6
41. Kf2 h5 42. Ke2 Kf6 43. Ne3 Ke6 44. Nc2 Kd6 45. Ke3 Ke7 46. Kd3 Ke6 47. Ke2
Bb2 48. Ke3 Bc1+ 49. Ke2 Bf4 50. Nxb4 Bg3 51. Nd3 Kf5 52. Nb4 Ke6 1/2-1/2

[Event "31st open TETEVEN"]
[Site "Teteven"]
[Date "2016.08.17"]
[Round "5.20"]
[White "Kosturkov, Krasimir"]
[Black "Boev, Viktor"]
[Result "1/2-1/2"]
[WhiteElo "1650"]
[BlackElo "1976"]
[PlyCount "68"]
[EventDate "2016.08.13"]
[EventType "swiss"]
[EventRounds "9"]
[EventCountry "BUL"]

1. e4 c6 2. d4 d5 3. Nc3 dxe4 4. Nxe4 Bf5 5. Ng3 Bg6 6. Nf3 Nd7 7. h4 h6 8. Bd3
Bxd3 9. Qxd3 e6 10. Bd2 Ngf6 11. O-O-O Be7 12. c4 ({RR} 12. Ne4 Nxe4 13. Qxe4
Nf6 14. Qe2 Qd5 15. c4 Qe4 16. Qxe4 Nxe4 17. Be3 Rd8 18. Rhe1 O-O 19. Re2 f5
20. g3 Bf6 21. Nd2 Nd6 22. Bf4 g5 23. hxg5 hxg5 24. Be5 g4 25. Rh1 Bxe5 26.
Rxe5 Rf6 {Djukic,N (2519)-Kasimdzhanov,R (2672)/Dresden 2008/CBM 128/1/2 (64)})
12... b5 ({RR} 12... O-O 13. Ne4 b5 14. cxb5 Nxe4 15. Qxe4 cxb5 16. Kb1 Nf6 17.
Qe2 Qd5 18. Ne5 Ne4 19. Bf4 Nd6 20. g4 Rfc8 21. f3 b4 22. h5 Nb5 23. Qe4 Bf6
24. Rhe1 a5 25. Rd3 a4 26. Qxd5 exd5 27. Bd2 {
Nuber,K (2265)-Speckner,R (2335)/Germany 2015/EXT 2016/1/2 (44)}) 13. c5 $146 (
13. Kb1 $142 $15 {RR} O-O 14. Bc1 bxc4 15. Qxc4 Qa5 16. Rhe1 Rab8 17. Nd2 Nb6
18. Qc2 Na4 19. Nb3 Qb6 20. Qc4 Bb4 21. Re2 Nd5 22. Rc2 Rfc8 23. Ne4 Qd8 24. g3
a5 25. Qe2 Be7 26. Nec5 Nxc5 27. Nxc5 Nb4 28. Rc4 {
Skinke,K (2217)-Pintor,A (2110)/Khanty-Mansiysk 2010/CBM 139/1-0 (42)}) ({RR} 
13. Ne4 bxc4 14. Nxf6+ Nxf6 15. Qxc4 O-O 16. Kb1 Qd5 17. Ne5 Rfc8 18. f3 c5 19.
Qxd5 Nxd5 20. dxc5 Rxc5 21. Nd3 Rc4 22. g3 Bf6 23. Rhe1 Rb8 24. Ne5 Rc5 25. Rc1
Rcb5 26. Rc2 Nb4 27. Bxb4 Bxe5 {
Larsen,J (1840)-Pedersen,N (2180)/Horsens 2013/CBM 155 Extra/0-1 (43)}) ({RR} 
13. cxb5 cxb5 14. Kb1 Qb6 15. Rc1 O-O 16. Ne5 Nxe5 17. dxe5 Rfd8 18. Qe2 Ne8
19. Be3 Qb7 20. Qg4 Kh8 21. Nh5 Bf8 22. Rh3 Qd5 23. Bxh6 Qxe5 24. Re3 Qf5+ 25.
Qxf5 exf5 26. Bf4 Rdc8 27. Rd1 Rd8 {
Amed,S (2001)-Rysbayeva,N (1599)/Belfort 2005/CBM 107 Extra/1/2 (65)}) 13...
Nxc5 14. Qe2 Ncd7 15. Ne5 Nxe5 16. dxe5 Nd5 17. Qg4 g6 18. h5 g5 19. f4 b4 20.
fxg5 Bxg5 $4 (20... hxg5 $8 $11) 21. Ne4 Be7 22. Qg7 Rf8 23. Bxh6 Qa5 24. Nf6+
Kd8 25. Kb1 Kc7 26. Nxd5+ cxd5 27. Bg5 (27. Qh7 $142 $18) 27... Bxg5 28. Qxg5
Kd7 29. h6 b3 30. axb3 Qb4 31. Rh3 Rab8 32. h7 $4 (32. Qe3 $142 $18) 32... Qe4+
33. Rdd3 Qe1+ 34. Ka2 Qa5+ 1/2-1/2

[Event "31st open TETEVEN"]
[Site "Teteven"]
[Date "2016.08.17"]
[Round "5.24"]
[White "Stoyanov, Yordan"]
[Black "Kamenov, Filip"]
[Result "0-1"]
[WhiteElo "1538"]
[BlackElo "1874"]
[PlyCount "34"]
[EventDate "2016.08.13"]
[EventType "swiss"]
[EventRounds "9"]
[EventCountry "BUL"]

1. e4 c5 2. Nf3 Nc6 3. d4 cxd4 4. Nxd4 g6 5. Nxc6 bxc6 6. g3 ({RR} 6. Bd2 Bg7
7. Bc3 Nf6 8. Bd3 O-O 9. O-O Qc7 10. Qe2 e6 11. Nd2 c5 12. Qf3 Ne8 13. Bxg7
Kxg7 14. e5 Rb8 15. Nc4 f6 16. Qg3 fxe5 17. Nxe5 d6 18. Nxg6 hxg6 19. Qxg6+ Kh8
20. Rae1 Qg7 {Kecic,S (2235)-Krumpacnik,D (2380)/Bled 1998/EXT 2000/0-1 (38)})
6... Bg7 7. Bg2 Qb6 $146 ({RR} 7... Nh6 8. O-O O-O 9. Be3 d6 10. c3 Rb8 11. Qd2
Ng4 12. h3 Nxe3 13. fxe3 Qb6 14. b3 Qa5 15. Qc2 Be6 16. b4 Qe5 17. Kh2 Rxb4 18.
cxb4 Qxa1 19. Nd2 Qc3 20. Qxc3 Bxc3 21. Nf3 Bxb4 22. e5 {
Sobh,A (1146)-Davidovich,M (1695)/Romulus 2000/EXT 2007/0-1 (36)}) ({RR} 7...
Nf6 8. Nc3 O-O 9. O-O Qa5 ({RR} 9... Bb7 10. e5 Ne8 11. Re1 Nc7 12. Bf4 e6 13.
Ne4 Nd5 14. Nd6 Ba6 15. Bxd5 cxd5 16. Qg4 f5 17. Qh3 Rb8 18. Rab1 Qa5 19. Bh6
Rxb2 20. Bxg7 Kxg7 21. Qh4 Qc3 22. Qe7+ Kg8 23. Ne8 Rf7 {
1/2 Schneider,J (1231)-Puetz,M/Hamburg 2002/EXT 2006}) 10. Bd2 Ba6 11. Re1 Qb6
12. b3 e6 13. Rb1 d5 14. exd5 cxd5 15. Be3 Qc7 16. Ne2 Rfc8 17. Rc1 Qa5 18. a4
Rd8 19. Bd4 Rac8 20. Bxa7 Bxe2 21. Qxe2 Qxa7 22. Red1 {
Musca,P (1251)-Lup,C (1078)/Calimanesti 2015/CBM 165 Extra/1/2 (51)}) 8. c3 Ba6
9. Qc2 Rb8 10. Nd2 Nf6 11. h3 O-O 12. Nb3 d6 13. Be3 c5 14. Rb1 Nd7 15. Nd2 Qa5
16. Ra1 Ne5 17. f3 Nd3+ 0-1

[Event "31st open TETEVEN"]
[Site "Teteven"]
[Date "2016.08.17"]
[Round "5.49"]
[White "Nikolova, Angelika"]
[Black "Banev, Simeon"]
[Result "0-1"]
[WhiteElo "1120"]
[BlackElo "1429"]
[PlyCount "46"]
[EventDate "2016.08.13"]
[EventType "swiss"]
[EventRounds "9"]
[EventCountry "BUL"]

1. e4 d5 2. exd5 Qxd5 3. Nc3 Qd8 4. d4 Nf6 5. Nf3 Bg4 6. h3 Bxf3 7. Qxf3 c6 8.
Be3 e6 9. Rd1 Be7 10. Be2 O-O 11. O-O Nbd7 12. Rfe1 Nd5 $146 ({RR} 12... Qa5
13. a3 Nd5 14. Nxd5 cxd5 15. Qg3 Kh8 16. Rf1 Nf6 17. Qe5 Rfc8 18. c3 Qb6 19.
Rb1 Bd6 20. Qg5 Ne4 21. Qh5 Qc7 22. Bd3 g6 23. Qh4 Be7 24. Qh6 Nf6 25. Bf4 Qd7
26. Be5 Kg8 27. g4 {
Manocha,S (1151)-Smith,R (1510)/Coventry 2015/CBM 167 Extra/1/2 (82)}) 13. Nxd5
cxd5 14. c3 a6 15. Bd3 b5 16. a3 Nb6 17. Bc2 Nc4 18. Rb1 a5 19. Qh5 g6 20. Qh6
Nxe3 21. Rxe3 Bg5 22. Qxf8+ Qxf8 23. Rg3 Be7 0-1

[Event "31st open TETEVEN"]
[Site "Teteven"]
[Date "2016.08.18"]
[Round "6.1"]
[White "Nikolov, Sasho"]
[Black "Badev, Kiril"]
[Result "1/2-1/2"]
[WhiteElo "2359"]
[BlackElo "2292"]
[PlyCount "107"]
[EventDate "2016.08.13"]
[EventType "swiss"]
[EventRounds "9"]
[EventCountry "BUL"]

1. e4 c6 2. d4 d5 3. e5 Na6 4. Nc3 Nc7 5. Be3 g6 6. Qd2 h5 7. h3 Bg7 8. g3 $146
({RR} 8. Nf3 Nh6 9. Nh4 Bf5 10. O-O-O Qd7 11. f3 O-O-O 12. Be2 Be6 13. g4 Qe8
14. Rdg1 c5 15. f4 hxg4 16. hxg4 c4 17. Qe1 Rg8 18. Kb1 Qd7 19. f5 gxf5 20.
Bxh6 Bxh6 21. gxf5 Bxf5 22. Nxf5 Qxf5 {
Apicella,M (2509)-Lorscheid,G (2318)/Cappelle-la-Grande 2000/CBM 074 Extra/1-0}
) 8... Be6 9. O-O-O Qd7 10. Na4 b6 11. Qb4 Nh6 12. f4 Nf5 13. Bf2 h4 14. g4 Ng3
15. Bxg3 hxg3 16. Bg2 Bxg4 17. hxg4 Rxh1 18. Bxh1 Qxg4 19. Qc3 g2 20. Bxg2 Qxg2
21. Qxc6+ Kd8 22. Nc3 Rc8 23. Nge2 Bh6 24. Kb1 b5 25. f5 b4 26. Rg1 Qf3 27. Na4
Ne6 28. Qb5 Qxf5 29. Qxd5+ Ke8 30. Nc5 Nxc5 31. dxc5 Qf2 32. c6 Rd8 33. Qh1
Qxe2 34. c7 Rc8 35. Qc6+ Kf8 36. Qb7 Re8 37. c8=Q Rxc8 38. Qxc8+ Kg7 39. Qb7
Qxe5 40. Qxb4 Be3 41. Rh1 f5 42. Qh4 Kf7 43. Qc4+ Kf6 44. a4 Bd4 45. Qc6+ Qd6
46. Qa8 Qb4 47. c3 Bxc3 48. Qc6+ Kf7 49. Rh7+ Bg7 50. Qd5+ Kf8 51. Qd8+ Kf7 52.
Qd5+ Kf8 53. Qd8+ Kf7 54. Qd5+ 1/2-1/2